[Event "Krakow op-A 34th"]
[Site "Krakow"]
[Date "2023.12.29"]
[Round "3"]
[White "Kazantzoglou, Stefanos"]
[Black "Kaim, Piotr"]
[Result "1-0"]
[WhiteElo "2152"]
[BlackElo "2127"]
[PlyCount "61"]
[EventDate "2023.12.27"]
[EventType "swiss"]
[EventRounds "9"]
[EventCountry "POL"]
[SourceTitle "CB02_2024"]
[SourceDate "2024.01.10"]
[SourceVersion "1"]
[SourceVersionDate "2024.01.10"]
[SourceQuality "1"]

1. e4 c5 2. Nc3 e6 3. d4 cxd4 4. Qxd4 Nc6 5. Qe3 Nf6 6. Nf3 Qc7 7. h3 a6 8. Bd2 Be7 9. Bd3 d6 10. a3 b5 11. 0-0 0-0 12. Ne2 Bb7 13. Bc3 Nd7 14. Nfd4 Nce5 15. f4 Nc4 16. Qg3 Bf6 17. Kh1 Kh8 18. Qf3 Rae8 19. b3 g6 20. bxc4 bxc4 21. Rab1 Ba8 22. Bb4 e5 23. Nb3 cxb3 24. cxb3 exf4 25. Nxf4 Ne5 26. Nd5 Qd8 27. Qxf6+ Qxf6 28. Nxf6 Nxd3 29. Nxe8 Rxe8 30. Rxf7 Bxe4 31. Bc3+ 1-0

[Event "POL-chT 2nd League"]
[Site "Jastrzebia Gora"]
[Date "2023.09.07"]
[Round "6.62"]
[White "Kaim, Piotr"]
[Black "Pacuszka, Tomasz"]
[Result "0-1"]
[WhiteElo "2161"]
[BlackElo "2156"]
[PlyCount "126"]
[EventDate "2023.09.02"]
[EventType "team-swiss"]
[EventRounds "9"]
[EventCountry "POL"]
[SourceTitle "EXT 2024"]
[Source "ChessBase"]
[SourceDate "2023.10.10"]
[SourceVersion "1"]
[SourceVersionDate "2023.10.10"]
[SourceQuality "1"]
[WhiteTeam "Warszawa YMCA"]
[BlackTeam "Grudziadz Rotmistrz"]
[WhiteTeamCountry "POL"]
[BlackTeamCountry "POL"]

1. Nf3 d5 2. c4 e6 3. g3 Nf6 4. Bg2 Be7 5. 0-0 0-0 6. d4 Nbd7 7. Qc2 a6 8. b3 c5 9. cxd5 Nxd5 10. Bb2 b6 11. Nc3 Bb7 12. Nxd5 Bxd5 13. e4 Bb7 14. d5 exd5 15. exd5 Ra7 16. Rad1 Qa8 17. Rfe1 Bf6 18. Ne5 Nxe5 19. Bxe5 Bxe5 20. Rxe5 Qd8 21. Be4 g6 22. d6 Bxe4 23. Qxe4 Rd7 24. Qc6 Kg7 25. h4 h5 26. Qd5 Qf6 27. Re2 a5 28. Qc6 Qd8 29. Kh2 Kg8 30. Rdd2 Kg7 31. Re3 Kg8 32. Kg1 Kg7 33. Kf1 Kg8 34. Rdd3 Kg7 35. Rd1 Kg8 36. Re4 Kg7 37. Re3 Kg8 38. Rdd3 Kg7 39. Re1 Kg8 40. Re5 Kg7 41. Re1 Kg8 42. Kg1 Kg7 43. Kh2 Kg8 44. Ree3 Kg7 45. Rd2 Kg8 46. Kg1 Kg7 47. Kf1 Kg8 48. Ke1 Kg7 49. Kd1 Kg8 50. Kc2 Kg7 51. Kb2 Re8 52. Rxe8 Qxe8 53. Qxb6 Qe5+ 54. Kc2 Qe4+ 55. Kb2 Qe5+ 56. Kc2 Qe4+ 57. Kc3 Qe5+ 58. Kc4 Qe4+ 59. Kc3 Qe5+ 60. Kc4 Qe4+ 61. Kxc5 Rb7 62. Qxb7 Qxb7 63. d7 Qb4+ 0-1

[Event "Malopolska-ch"]
[Site "Krakow"]
[Date "2023.06.09"]
[Round "4"]
[White "Kaim, Piotr"]
[Black "Mis, Mieszko"]
[Result "0-1"]
[WhiteElo "2167"]
[BlackElo "2364"]
[PlyCount "60"]
[EventDate "2023.06.08"]
[EventType "swiss"]
[EventRounds "7"]
[EventCountry "POL"]
[SourceTitle "CBM 214 Extra"]
[Source "ChessBase"]
[SourceDate "2023.07.31"]
[SourceVersion "1"]
[SourceVersionDate "2023.07.31"]
[SourceQuality "1"]

1. Nf3 c5 2. b3 d6 3. c4 e5 4. Nc3 Nc6 5. e3 g6 6. Bb2 Bg7 7. d3 Nge7 8. Be2 0-0 9. e4 f5 10. Nd5 h6 11. Qd2 a6 12. h4 b5 13. exf5 Nxf5 14. Nc3 Rb8 15. Ne4 Qe7 16. 0-0-0 Be6 17. g4 Nfd4 18. Nxd4 cxd4 19. Kb1 a5 20. Ba3 Rfd8 21. c5 b4 22. cxd6 Qf7 23. Bb2 a4 24. Rc1 Rb6 25. Rc5 axb3 26. Rhc1 Qa7 27. axb3 Bxb3 28. Ba1 Ra8 29. Qb2 Qa4 30. Rg1 Rba6 0-1

[Event "Krakow op-A 33rd"]
[Site "Krakow"]
[Date "2023.01.04"]
[Round "9"]
[White "Liu, Casper Yukun"]
[Black "Kaim, Piotr"]
[Result "0-1"]
[WhiteElo "2306"]
[BlackElo "2137"]
[PlyCount "58"]
[EventDate "2022.12.27"]
[EventType "swiss"]
[EventRounds "9"]
[EventCountry "POL"]
[SourceTitle "CBM 212 Extra"]
[Source "ChessBase"]
[SourceDate "2023.03.31"]
[SourceVersion "1"]
[SourceVersionDate "2023.03.31"]
[SourceQuality "1"]

1. d4 c5 2. d5 Nf6 3. c4 e5 4. Nc3 d6 5. e4 Nbd7 6. Be2 Be7 7. Be3 0-0 8. h4 a6 9. g4 Ne8 10. g5 b5 11. cxb5 Nc7 12. a4 axb5 13. axb5 Rxa1 14. Qxa1 Nb6 15. b4 f5 16. f3 Bd7 17. bxc5 dxc5 18. Bd3 Qb8 19. Rh2 c4 20. Bf1 fxe4 21. fxe4 Nxb5 22. Nxb5 Bxb5 23. Rb2 Na4 24. Rb1 Qe8 25. Be2 Bc5 26. Bxc5 Nxc5 27. Qa5 Nb3 28. d6 Qc6 29. Nf3 Nxa5 0-1

[Event "POL-chT 2nd League"]
[Site "Sypniewo"]
[Date "2021.09.09"]
[Round "6.8"]
[White "Kaim, Piotr"]
[Black "Szydelko, Michal"]
[Result "0-1"]
[WhiteElo "2166"]
[BlackElo "1754"]
[PlyCount "88"]
[EventDate "2021.09.04"]
[EventType "team-swiss"]
[EventRounds "9"]
[EventCountry "POL"]
[SourceTitle "CBM 204 Extra"]
[Source "ChessBase"]
[SourceDate "2021.11.30"]
[SourceVersion "1"]
[SourceVersionDate "2021.11.30"]
[SourceQuality "1"]
[WhiteTeam "Warszawa YMCA"]
[BlackTeam "Radkow Giecek"]
[WhiteTeamCountry "POL"]
[BlackTeamCountry "POL"]

1. e4 c5 2. Nf3 d6 3. d4 cxd4 4. Nxd4 Nf6 5. Nc3 a6 6. Bc4 Qc7 7. Bb3 e6 8. 0-0 b5 9. f4 Bb7 10. f5 e5 11. Nf3 h6 12. Qe1 Nbd7 13. Kh1 Nc5 14. Nd5 Nxd5 15. Bxd5 Bxd5 16. exd5 Be7 17. Qg3 Ne4 18. Qe1 Nf6 19. c3 Qc4 20. Bd2 Qxd5 21. a4 Rb8 22. axb5 axb5 23. Ra7 Ne4 24. Qe2 Bf6 25. Rd1 Qc6 26. Re1 d5 27. Be3 0-0 28. Nd2 Nxd2 29. Qxd2 Qc4 30. Ra6 b4 31. Rd6 bxc3 32. bxc3 Rfd8 33. Rxd8+ Rxd8 34. Rd1 Qg4 35. Rf1 Qe4 36. Bb6 Rb8 37. Qf2 Qc4 38. Ba7 Rc8 39. h3 Qxc3 40. Be3 Qd3 41. Qe1 d4 42. Bg1 e4 43. Qd1 Qxd1 44. Rxd1 e3 0-1

[Event "POL-chT 2nd League"]
[Site "Sypniewo"]
[Date "2021.09.08"]
[Round "5.8"]
[White "Kowalczyk, Wojciech"]
[Black "Kaim, Piotr"]
[Result "1/2-1/2"]
[WhiteElo "1893"]
[BlackElo "2166"]
[PlyCount "38"]
[EventDate "2021.09.04"]
[EventType "team-swiss"]
[EventRounds "9"]
[EventCountry "POL"]
[SourceTitle "CBM 204 Extra"]
[Source "ChessBase"]
[SourceDate "2021.11.30"]
[SourceVersion "1"]
[SourceVersionDate "2021.11.30"]
[SourceQuality "1"]
[WhiteTeam "Wroclaw Hetman"]
[BlackTeam "Warszawa YMCA"]
[WhiteTeamCountry "POL"]
[BlackTeamCountry "POL"]

1. e4 c6 2. Nc3 d5 3. Nf3 dxe4 4. Nxe4 Nf6 5. Qe2 Bg4 6. Nxf6+ gxf6 7. h3 Bh5 8. d3 e6 9. g4 Bg6 10. Bd2 Na6 11. 0-0-0 Qb6 12. Nh4 Nb4 13. Bxb4 Bxb4 14. f4 0-0-0 15. c3 Bd6 16. f5 exf5 17. gxf5 Qa5 18. fxg6 hxg6 19. Qg4+ Kb8 1/2-1/2

[Event "POL-chT 2nd League"]
[Site "Jastrzebia Gora"]
[Date "2019.09.14"]
[Round "8.16"]
[White "Kaniak, Justyna"]
[Black "Kaim, Piotr"]
[Result "0-1"]
[WhiteElo "1781"]
[BlackElo "2181"]
[PlyCount "44"]
[EventDate "2019.09.07"]
[EventType "team-swiss"]
[EventRounds "9"]
[EventCountry "POL"]
[SourceTitle "EXT 2020"]
[Source "ChessBase"]
[SourceDate "2019.10.17"]
[SourceVersion "1"]
[SourceVersionDate "2019.10.17"]
[SourceQuality "1"]
[WhiteTeam "Warszawa Mogalo"]
[BlackTeam "Warszawa YMCA"]
[WhiteTeamCountry "POL"]
[BlackTeamCountry "POL"]

1. e4 c5 2. Nf3 d6 3. d4 cxd4 4. Nxd4 Nf6 5. Nc3 Nc6 6. Bg5 e6 7. Qd2 Be7 8. 0-0-0 0-0 9. Ndb5 Qa5 10. f4 Rd8 11. Be2 a6 12. Nd4 Nxd4 13. Qxd4 b5 14. a3 Bb7 15. Bd3 Rac8 16. Qb4 Qc7 17. Qb3 h6 18. Bh4 Nxe4 19. Bxe7 Nc5 20. Qb4 Qxe7 21. Ne4 Nxd3+ 22. Rxd3 Rc4 0-1

[Event "POL-chT 2nd League"]
[Site "Jastrzebia Gora"]
[Date "2019.09.13"]
[Round "7.18"]
[White "Kaim, Piotr"]
[Black "Koziol, Pawel"]
[Result "1-0"]
[WhiteElo "2181"]
[BlackElo "1821"]
[PlyCount "99"]
[EventDate "2019.09.07"]
[EventType "team-swiss"]
[EventRounds "9"]
[EventCountry "POL"]
[SourceTitle "EXT 2020"]
[Source "ChessBase"]
[SourceDate "2019.10.17"]
[SourceVersion "1"]
[SourceVersionDate "2019.10.17"]
[SourceQuality "1"]
[WhiteTeam "Warszawa YMCA"]
[BlackTeam "Skoczek Trojanski"]
[WhiteTeamCountry "POL"]
[BlackTeamCountry "POL"]

1. d4 Nf6 2. c4 d6 3. Nf3 Nbd7 4. Nc3 e5 5. e4 Be7 6. Be2 0-0 7. 0-0 c6 8. Re1 a6 9. Rb1 b5 10. cxb5 cxb5 11. a3 Bb7 12. d5 Rc8 13. Bd2 h6 14. Rc1 Nh7 15. Be3 Re8 16. Bd3 Nc5 17. Bb1 Ng5 18. Nd2 Bf8 19. b4 Nd7 20. Nb3 Qf6 21. Na5 Rc7 22. Nxb5 Rxc1 23. Bxc1 Bc8 24. Na7 Qg6 25. Nxc8 Rxc8 26. Qg4 Rc7 27. Nc6 Nf6 28. Qe2 Nh5 29. Kh1 Nf4 30. Bxf4 exf4 31. Qg4 Qf6 32. h4 Qc3 33. Rd1 Nh7 34. Qxf4 Qxa3 35. e5 Qb3 36. Bxh7+ Kxh7 37. Qe4+ g6 38. Rd3 Qb1+ 39. Kh2 dxe5 40. h5 Bd6 41. g3 Qb2 42. Rf3 Kg7 43. hxg6 fxg6 44. Qg4 Rf7 45. Rxf7+ Kxf7 46. Kg2 Bf8 47. Qe6+ Kg7 48. Nxe5 Qxb4 49. Qf7+ Kh8 50. Nxg6# 1-0

[Event "POL-chT 2nd League"]
[Site "Jastrzebia Gora"]
[Date "2019.09.12"]
[Round "6.15"]
[White "Kaim, Piotr"]
[Black "Krainski, Slawomir"]
[Result "0-1"]
[WhiteElo "2181"]
[BlackElo "2077"]
[PlyCount "94"]
[EventDate "2019.09.07"]
[EventType "team-swiss"]
[EventRounds "9"]
[EventCountry "POL"]
[SourceTitle "EXT 2020"]
[Source "ChessBase"]
[SourceDate "2019.10.17"]
[SourceVersion "1"]
[SourceVersionDate "2019.10.17"]
[SourceQuality "1"]
[WhiteTeam "Warszawa YMCA"]
[BlackTeam "Grudziadz Rotmistrz"]
[WhiteTeamCountry "POL"]
[BlackTeamCountry "POL"]

1. e4 e5 2. f4 exf4 3. Bc4 Qh4+ 4. Kf1 d6 5. Nf3 Qh6 6. Nc3 Be6 7. Qe2 Bxc4 8. Qxc4 Nc6 9. d4 0-0-0 10. Nd5 g5 11. h4 f6 12. b4 Nge7 13. b5 Nxd5 14. bxc6 Nb6 15. Qe6+ Kb8 16. a4 a5 17. Bd2 d5 18. e5 Nc4 19. Rb1 b6 20. exf6 g4 21. Qxg4 Nxd2+ 22. Nxd2 Qxf6 23. Qg5 Qd6 24. Qe5 Bh6 25. Qxd6 Rxd6 26. Rh3 Rxc6 27. c3 Rg8 28. Rb5 Rg3 29. Rxd5 Rxh3 30. gxh3 Rxc3 31. Ke2 Re3+ 32. Kf2 Ra3 33. Nf3 Ra2+ 34. Kf1 Rxa4 35. Rd7 Kb7 36. Ng5 Bf8 37. Ne6 Bd6 38. h5 Ra3 39. h6 Rxh3 40. Rxh7 a4 41. Nd8+ Ka6 42. Rh8 a3 43. Nf7 Be7 44. Kg2 Rh5 45. Re8 f3+ 46. Kf2 a2 47. Ra8+ Kb7 0-1

[Event "POL-chT 2nd League"]
[Site "Jastrzebia Gora"]
[Date "2019.09.10"]
[Round "4.10"]
[White "Kaim, Piotr"]
[Black "Kowalec, Maciej"]
[Result "1/2-1/2"]
[WhiteElo "2181"]
[BlackElo "2054"]
[PlyCount "64"]
[EventDate "2019.09.07"]
[EventType "team-swiss"]
[EventRounds "9"]
[EventCountry "POL"]
[SourceTitle "EXT 2020"]
[Source "ChessBase"]
[SourceDate "2019.10.17"]
[SourceVersion "1"]
[SourceVersionDate "2019.10.17"]
[SourceQuality "1"]
[WhiteTeam "Warszawa YMCA"]
[BlackTeam "Minsk Mazowiecki MTSz"]
[WhiteTeamCountry "POL"]
[BlackTeamCountry "POL"]

1. Nf3 Nf6 2. c4 e6 3. g3 b6 4. Bg2 Bb7 5. 0-0 Be7 6. b3 0-0 7. Nc3 c5 8. e3 d5 9. Bb2 Nc6 10. cxd5 Nxd5 11. Nxd5 Qxd5 12. d4 Qh5 13. Ne5 Qxd1 14. Rfxd1 Nxe5 15. Bxb7 Rab8 16. Bg2 cxd4 17. exd4 Ng4 18. d5 exd5 19. Bxd5 Bf6 20. Bxf6 Nxf6 21. Bc6 Rfd8 22. b4 Kf8 23. b5 Rxd1+ 24. Rxd1 Ke7 25. Rd4 Rc8 26. Kg2 a5 27. f4 Rd8 28. Rxd8 Kxd8 29. Kf3 Ke7 30. Be4 Nxe4 31. Kxe4 Kd6 32. Kd4 f5 1/2-1/2

[Event "POL-chT 1st League"]
[Site "Poronin"]
[Date "2017.09.10"]
[Round "9.1"]
[White "Flis, Pawel"]
[Black "Kaim, Piotr"]
[Result "0-1"]
[WhiteElo "1966"]
[BlackElo "2138"]
[PlyCount "176"]
[EventDate "2017.09.02"]
[EventType "team-tourn"]
[EventRounds "9"]
[EventCountry "POL"]
[SourceTitle "CBM 180 Extra"]
[Source "ChessBase"]
[SourceDate "2017.10.06"]
[SourceVersion "1"]
[SourceVersionDate "2017.10.06"]
[SourceQuality "1"]
[WhiteTeam "Lodz Okucia Budowlane"]
[BlackTeam "Warsaw YMCA"]
[WhiteTeamCountry "POL"]
[BlackTeamCountry "POL"]

1. e4 c5 2. Nc3 e6 3. g3 Nc6 4. Bg2 g6 5. d3 Bg7 6. Be3 d6 7. Qd2 Rb8 8. Nf3 Nd4 9. Bxd4 cxd4 10. Nb5 Ne7 11. Nbxd4 Qb6 12. c3 0-0 13. 0-0 Nc6 14. Ne2 a5 15. Rab1 Bd7 16. d4 a4 17. Qe3 Na5 18. Nd2 e5 19. Rfe1 Bb5 20. d5 Qxe3 21. fxe3 Bh6 22. Nc1 Rbc8 23. Bf1 Bxf1 24. Kxf1 Nc4 25. Nxc4 Rxc4 26. Ke2 Rxe4 27. Kd3 f5 28. b3 Rc8 29. bxa4 Rxa4 30. Rxb7 e4+ 31. Kc2 Rac4 32. Ne2 Bxe3 33. Reb1 R4c7 34. a4 g5 35. a5 Rxb7 36. Rxb7 Ra8 37. Rd7 Rxa5 38. Rxd6 Ra2+ 39. Kd1 Ra1+ 40. Kc2 Ra2+ 41. Kd1 f4 42. gxf4 gxf4 43. Re6 f3 44. Ng3 Bf4 45. Nxe4 f2 46. Nxf2 Rxf2 47. Re2 Rf3 48. Kc2 Kf7 49. Kb3 Kf6 50. Kb4 Be3 51. c4 Ke5 52. Kb5 Kd6 53. Ra2 Rf1 54. Ra6+ Kd7 55. Re6 Rb1+ 56. Ka4 Bc5 57. Rh6 Rb4+ 58. Ka5 Rxc4 59. Kb5 Rc2 60. Rxh7+ Be7 61. Rh5 Kd6 62. Kb4 Bf6 63. Kb3 Rc1 64. Rf5 Be5 65. h4 Kxd5 66. h5 Ke6 67. Rg5 Kf6 68. Rg6+ Kf5 69. Rg2 Rh1 70. Kc4 Rxh5 71. Re2 Rh8 72. Rf2+ Ke6 73. Rd2 Rc8+ 74. Kd3 Rc3+ 75. Ke4 Rc4+ 76. Kd3 Kd5 77. Rc2 Ra4 78. Rc8 Ra3+ 79. Ke2 Ke4 80. Re8 Ra2+ 81. Kd1 Kd3 82. Rd8+ Bd4 83. Rc8 Rh2 84. Re8 Rd2+ 85. Ke1 Ra2 86. Kf1 Rf2+ 87. Ke1 Rf7 88. Re6 Bc3+ 0-1

[Event "POL-chT 1st League"]
[Site "Poronin"]
[Date "2017.09.08"]
[Round "7.1"]
[White "Konieczynski, Piotr"]
[Black "Kaim, Piotr"]
[Result "0-1"]
[WhiteElo "1903"]
[BlackElo "2138"]
[PlyCount "134"]
[EventDate "2017.09.02"]
[EventType "team-tourn"]
[EventRounds "9"]
[EventCountry "POL"]
[SourceTitle "CBM 180 Extra"]
[Source "ChessBase"]
[SourceDate "2017.10.06"]
[SourceVersion "1"]
[SourceVersionDate "2017.10.06"]
[SourceQuality "1"]
[WhiteTeam "Znin Baszta"]
[BlackTeam "Warsaw YMCA"]
[WhiteTeamCountry "POL"]
[BlackTeamCountry "POL"]

1. d4 Nf6 2. c4 c5 3. d5 e5 4. Nc3 d6 5. e4 Be7 6. h3 Nbd7 7. Be3 a6 8. Nf3 0-0 9. Bd3 Nh5 10. Qd2 g6 11. Bh6 Re8 12. Ne2 Ndf6 13. g4 Nf4 14. Nxf4 exf4 15. 0-0-0 b5 16. Rde1 Rb8 17. Bxf4 bxc4 18. Bxc4 Rb4 19. Qc2 Nd7 20. Bd2 Rb8 21. Bc3 Bf6 22. Bxf6 Qxf6 23. Qc3 Qf4+ 24. Qe3 Qf6 25. Qc3 Qf4+ 26. Qe3 Rxe4 27. Qxf4 Rxf4 28. Re8+ Kg7 29. Be2 Bb7 30. Rxb8 Nxb8 31. Rd1 Nd7 32. Rd3 Nf6 33. Ra3 Nxd5 34. Nd2 Nb4 35. f3 d5 36. Ra5 c4 37. a3 Nd3+ 38. Kc2 Ne5 39. Rc5 Nc6 40. Kd1 Rd4 41. Kc2 Rf4 42. Kd1 Nd4 43. Rc7 Bc6 44. Ke1 Rf6 45. Bd1 Nb5 46. Rc8 g5 47. Kf2 Rd6 48. Kg3 Bd7 49. Rd8 h5 50. gxh5 Nd4 51. h4 Nf5+ 52. Kf2 gxh4 53. Be2 Be6 54. Rb8 Rc6 55. Rb4 Kh6 56. f4 h3 57. Nf3 f6 58. Nh2 Nd6 59. Nf3 Nf5 60. Nh2 Nd6 61. Nf3 Ne4+ 62. Kg1 Rc8 63. Nh4 d4 64. Rb6 c3 65. bxc3 dxc3 66. Bd3 c2 67. Bxc2 Rxc2 0-1

[Event "POL-chT 1st League"]
[Site "Poronin"]
[Date "2017.09.04"]
[Round "3.1"]
[White "Sciborowski, Miroslaw"]
[Black "Kaim, Piotr"]
[Result "0-1"]
[WhiteElo "2006"]
[BlackElo "2138"]
[PlyCount "92"]
[EventDate "2017.09.02"]
[EventType "team-tourn"]
[EventRounds "9"]
[EventCountry "POL"]
[SourceTitle "CBM 180 Extra"]
[Source "ChessBase"]
[SourceDate "2017.10.06"]
[SourceVersion "1"]
[SourceVersionDate "2017.10.06"]
[SourceQuality "1"]
[WhiteTeam "Grudziadz Rotmistrz"]
[BlackTeam "Warsaw YMCA"]
[WhiteTeamCountry "POL"]
[BlackTeamCountry "POL"]

1. d4 d5 2. Nf3 Nf6 3. g3 Bf5 4. Bg2 c6 5. c4 Nbd7 6. cxd5 cxd5 7. 0-0 e6 8. Nc3 Bd6 9. Qb3 Qb6 10. Qxb6 Nxb6 11. Nb5 Bb8 12. Bf4 Bxf4 13. gxf4 Ke7 14. Nh4 Be4 15. f3 Bc2 16. Rac1 Rhc8 17. Nc3 Bg6 18. e4 Rc6 19. f5 exf5 20. exd5 Nfxd5 21. f4 Rd8 22. Rfe1+ Re6 23. Nxd5+ Nxd5 24. Re5 Nxf4 25. Rc7+ Rd7 26. Rxd7+ Kxd7 27. Bxb7 Rxe5 28. dxe5 Nd3 29. Kg2 Nxb2 30. Ba6 Ke6 31. Nf3 f4 32. Nd4+ Kd5 33. Nf3 Nd3 34. Bb7+ Kc5 35. Kf1 Bh5 36. Ng5 h6 37. Ne4+ Kd4 38. Nd6 Kxe5 39. Nc8 a5 40. Ne7 a4 41. Ba6 Nb4 42. Bc4 Bg4 43. Bxf7 Kf6 44. Nd5+ Nxd5 45. Bxd5 Be6 46. Bc6 a3 0-1

[Event "Krakow op-A 26th"]
[Site "Krakow"]
[Date "2016.01.03"]
[Round "8"]
[White "Sanz Losada, Victoriano"]
[Black "Kaim, Piotr"]
[Result "1/2-1/2"]
[WhiteElo "2072"]
[BlackElo "2188"]
[PlyCount "76"]
[EventDate "2015.12.27"]
[EventType "swiss"]
[EventRounds "9"]
[EventCountry "POL"]
[SourceTitle "CBM 170 Extra"]
[Source "ChessBase"]
[SourceDate "2016.02.25"]
[SourceVersion "1"]
[SourceVersionDate "2016.02.25"]
[SourceQuality "1"]

1. d4 d5 2. c4 e5 3. dxe5 d4 4. Nf3 Nc6 5. g3 Nge7 6. Bg2 Ng6 7. 0-0 Ngxe5 8. Nxe5 Nxe5 9. Nd2 Be7 10. a3 a5 11. h3 0-0 12. b3 Bf5 13. Bb2 Ra6 14. f4 Ng6 15. Kh2 Bc5 16. Bxb7 Re6 17. Bd5 Re3 18. Rf3 Qe7 19. Rxe3 Qxe3 20. Bg2 Re8 21. Nf3 Rd8 22. Qd2 Qe7 23. Nxd4 Bxd4 24. Bxd4 c5 25. Bxc5 Rxd2 26. Bxe7 Nxe7 27. Bf3 Bd3 28. Re1 a4 29. Kg1 Bf5 30. b4 Bxh3 31. c5 Rb2 32. Rd1 g6 33. Rd8+ Kg7 34. Ra8 Bd7 35. Ra7 Rd2 36. b5 Bxb5 37. Rxe7 Rc2 38. Rc7 Bxe2 1/2-1/2

[Event "Krakow op-A 26th"]
[Site "Krakow"]
[Date "2015.12.31"]
[Round "5"]
[White "Kaim, Piotr"]
[Black "Kokoszczynski, Jan"]
[Result "1-0"]
[WhiteElo "2188"]
[BlackElo "2059"]
[PlyCount "85"]
[EventDate "2015.12.27"]
[EventType "swiss"]
[EventRounds "9"]
[EventCountry "POL"]
[SourceTitle "CBM 170 Extra"]
[Source "ChessBase"]
[SourceDate "2016.02.25"]
[SourceVersion "1"]
[SourceVersionDate "2016.02.25"]
[SourceQuality "1"]

1. e4 c5 2. Nf3 d6 3. d4 cxd4 4. Nxd4 Nf6 5. Nc3 a6 6. Be3 e6 7. Qd2 Nbd7 8. f3 b5 9. 0-0-0 Bb7 10. g4 Nb6 11. Bd3 Be7 12. Qg2 Rc8 13. g5 Nfd7 14. g6 hxg6 15. Nxe6 fxe6 16. Qxg6+ Kf8 17. Qxe6 Nc5 18. Qf5+ Bf6 19. e5 dxe5 20. Be4 Qe7 21. Bxb7 Qxb7 22. Bxc5+ Kf7 23. Bxb6 Qxb6 24. Rd7+ Kf8 25. Nd5 Qc6 26. Rd6 Qxd6 27. Qxc8+ Qd8 28. Qe6 Rh6 29. Kb1 a5 30. h3 Rh4 31. Nxf6 Qxf6 32. Qc8+ Kf7 33. Qb7+ Kg8 34. Re1 Kh7 35. Qxb5 Rxh3 36. a4 Rxf3 37. Rxe5 Rf1+ 38. Ka2 Qf7+ 39. b3 g6 40. Qxa5 Qf6 41. Qc5 Kh6 42. a5 g5 43. Qb6 1-0

[Event "POL-chT 2nd League"]
[Site "Jastrzebia Gora"]
[Date "2015.09.12"]
[Round "8.11"]
[White "Krainski, Slawomir"]
[Black "Kaim, Piotr"]
[Result "1-0"]
[WhiteElo "2124"]
[BlackElo "2195"]
[PlyCount "108"]
[EventDate "2015.09.05"]
[EventType "team-swiss"]
[EventRounds "9"]
[EventCountry "POL"]
[SourceTitle "EXT 2017"]
[Source "ChessBase"]
[SourceDate "2016.10.25"]
[SourceVersion "1"]
[SourceVersionDate "2016.10.25"]
[SourceQuality "1"]
[WhiteTeam "Grudziadz Rotmistrz II"]
[BlackTeam "Warszawa YMCA"]
[WhiteTeamCountry "POL"]
[BlackTeamCountry "POL"]

1. d4 Nf6 2. Bf4 g6 3. e3 Bg7 4. Nf3 d6 5. Be2 c5 6. Nbd2 cxd4 7. exd4 0-0 8. c3 Nc6 9. 0-0 Re8 10. Nc4 Nd5 11. Bg5 h6 12. Ne3 Nxc3 13. bxc3 hxg5 14. Nxg5 e5 15. Nf3 exd4 16. cxd4 d5 17. Rb1 Re4 18. Bd3 Re7 19. Rb5 Be6 20. Bc2 a6 21. Rc5 Rc8 22. Bb3 b6 23. Rc1 Rec7 24. Qd2 Nxd4 25. Nxd4 Rxc1 26. Rxc1 Rxc1+ 27. Qxc1 Bxd4 28. Qd2 Bxe3 29. fxe3 Qd6 30. Qd4 Qc5 31. Kf2 Qxd4 32. exd4 Kg7 33. Ke3 Kf6 34. h4 b5 35. Kf4 a5 36. a3 b4 37. axb4 axb4 38. g4 Kg7 39. g5 Kf8 40. Bd1 Ke7 41. Ke5 Bf5 42. h5 Be4 43. h6 Kf8 44. Kd6 Kg8 45. Kc5 Kh7 46. Kxb4 f6 47. gxf6 Kxh6 48. Kc5 g5 49. Kd6 Bg6 50. Ke7 g4 51. Bxg4 Kg5 52. Bf3 Kf4 53. Bxd5 Ke3 54. Bf7 Kxd4 1-0

[Event "POL-chT 2nd League"]
[Site "Jastrzebia Gora"]
[Date "2015.09.09"]
[Round "5.29"]
[White "Kaim, Piotr"]
[Black "Pietocha, Pawel"]
[Result "1-0"]
[WhiteElo "2195"]
[BlackElo "2077"]
[PlyCount "95"]
[EventDate "2015.09.05"]
[EventType "team-swiss"]
[EventRounds "9"]
[EventCountry "POL"]
[SourceTitle "EXT 2017"]
[Source "ChessBase"]
[SourceDate "2016.10.25"]
[SourceVersion "1"]
[SourceVersionDate "2016.10.25"]
[SourceQuality "1"]
[WhiteTeam "Warszawa YMCA"]
[BlackTeam "Gostynin Gostmat 83"]
[WhiteTeamCountry "POL"]
[BlackTeamCountry "POL"]

1. Nf3 d5 2. c4 d4 3. g3 c5 4. b4 cxb4 5. a3 e6 6. Bg2 Nc6 7. 0-0 Nf6 8. d3 Bc5 9. axb4 Bxb4 10. Ba3 0-0 11. Qb3 Qd6 12. Bxb4 Nxb4 13. Na3 Nc6 14. Nb5 Qc5 15. Qa3 Qxa3 16. Rxa3 Rd8 17. Nd2 a6 18. c5 Ne8 19. Ne4 f5 20. Ned6 Rb8 21. Nxe8 axb5 22. Nd6 b4 23. Rb3 Bd7 24. Rfb1 e5 25. Bxc6 Bxc6 26. Nxf5 Kf7 27. Rxb4 Rd7 28. Rb6 Rc7 29. Nd6+ Ke7 30. Nb5 Rd7 31. Nd6 Rc7 32. Nc4 Bd5 33. Nxe5 Rxc5 34. f4 Rbc8 35. Kf2 Rc2 36. Nf3 Ra2 37. Nxd4 Rc3 38. R1b2 Ra1 39. e4 Bc6 40. Nxc6+ bxc6 41. R6b3 Rcc1 42. Ke3 Re1+ 43. Kd4 Rec1 44. Rc3 Rxc3 45. Kxc3 Kd6 46. Rb7 Ra3+ 47. Kd4 c5+ 48. Kc4 1-0

[Event "POL-chT 2nd League"]
[Site "Jastrzebia Gora"]
[Date "2015.09.07"]
[Round "3.11"]
[White "Kaim, Piotr"]
[Black "Konieczynski, Piotr"]
[Result "1-0"]
[WhiteElo "2195"]
[BlackElo "1975"]
[PlyCount "53"]
[EventDate "2015.09.05"]
[EventType "team-swiss"]
[EventRounds "9"]
[EventCountry "POL"]
[SourceTitle "EXT 2017"]
[Source "ChessBase"]
[SourceDate "2016.10.25"]
[SourceVersion "1"]
[SourceVersionDate "2016.10.25"]
[SourceQuality "1"]
[WhiteTeam "Warszawa YMCA"]
[BlackTeam "Znin Baszta II"]
[WhiteTeamCountry "POL"]
[BlackTeamCountry "POL"]

1. e4 e6 2. d4 d5 3. Nc3 Bb4 4. e5 c5 5. a3 Bxc3+ 6. bxc3 Qc7 7. Qg4 f5 8. Qg3 a6 9. Ne2 Nc6 10. Be3 cxd4 11. cxd4 Na5 12. Bd2 Nc6 13. c3 Qf7 14. Nf4 Nge7 15. Be2 0-0 16. Bh5 g6 17. Be2 Qg7 18. h4 h6 19. Qe3 Kh7 20. Rh3 Rg8 21. Rb1 Rb8 22. a4 Na5 23. Rb6 Nac6 24. Bc1 Bd7 25. Rg3 Nc8 26. Nh5 Qf8 27. Nf6+ 1-0

[Event "POL-chT 2nd League"]
[Site "Jastrzebia Gora"]
[Date "2015.09.05"]
[Round "1.59"]
[White "Kaim, Piotr"]
[Black "Koziej, Maciej"]
[Result "1-0"]
[WhiteElo "2195"]
[BlackElo "1985"]
[PlyCount "73"]
[EventDate "2015.09.05"]
[EventType "team-swiss"]
[EventRounds "9"]
[EventCountry "POL"]
[SourceTitle "EXT 2017"]
[Source "ChessBase"]
[SourceDate "2016.10.25"]
[SourceVersion "1"]
[SourceVersionDate "2016.10.25"]
[SourceQuality "1"]
[WhiteTeam "Warszawa YMCA"]
[BlackTeam "Victoria Komplexbud"]
[WhiteTeamCountry "POL"]
[BlackTeamCountry "POL"]

1. e4 c5 2. Nf3 a6 3. g3 e6 4. d3 Nc6 5. Bg2 Nf6 6. 0-0 d5 7. Nbd2 Be7 8. Re1 0-0 9. e5 Nd7 10. Nf1 b5 11. h4 Re8 12. N1h2 f6 13. exf6 Nxf6 14. Bf4 Bd6 15. Ne5 Nxe5 16. Bxe5 Bxe5 17. Rxe5 Qd6 18. Qe2 Ra7 19. Re1 Rae7 20. Bh3 h6 21. Nf3 d4 22. Nd2 Kh8 23. f4 Bb7 24. Bg2 Bxg2 25. Qxg2 Nd7 26. R5e2 e5 27. f5 Nf6 28. Ne4 Qd5 29. g4 Nxe4 30. Qxe4 Qxa2 31. b3 Qa5 32. Rf1 Qd8 33. g5 Rf7 34. Rg2 Qa8 35. Qg4 Qc6 36. Qh5 Rc7 37. gxh6 1-0